Islands in Antarctic Waters - Statistics

General Stats
  • This quiz has been taken 6 times
  • The average score is 3 of 10
Answer Stats
Owned By Islands % Correct
Norway Bouvet Island
100%
France Kerguelen Island
83%
Norway Peter I Island
67%
Pending South Georgia and the Sandwich Islands
33%
New Zealand Balleny Islands
17%
France Crozet Islands
17%
Australia Heard and McDonald’s Islands
0%
Unowned Scott Island
0%
Pending South Orkneys
0%
Pending South Shetlands
0%
No matching quizzes found
Score Distribution
Percent of People with Each Score
Percentile by Number Answered
Your Score History
You have not taken this quiz